000
00304nam a22001337a 4500
008
170807b xxu||||| |||| 00| 0 eng d
020
_a
9780471979982
041
_a
eng
080
_a
004
100
_a
34
101
_a
SHK
245
_a
SEARCH ENGINE OPTIMIZATION FOR DUMMIES
_c
KENT,P
942
_2
udc
_c
BK
999
_c
22836
_d
22836